México en el contexto mundial 1 : (Record no. 210537)

MARC details
000 -CABECERA
campo de control de longitud fija 00779cam a22002297a 4500
003 - IDENTIFICADOR DEL NÚMERO DE CONTROL
campo de control MX-MxUPN
005 - FECHA Y HORA DE LA ÚLTIMA TRANSACCIÓN
campo de control 20250913063853.0
008 - ELEMENTOS DE LONGITUD FIJA--INFORMACIÓN GENERAL
campo de control de longitud fija 231020b |||||||| |||| 00| 0 spa d
020 ## - NÚMERO INTERNACIONAL NORMALIZADO PARA LIBROS
Número Internacional Estándar del Libro 9686996095
040 ## - FUENTE DE LA CATALOGACIÓN
Centro catalogador/agencia de origen MX-MxUPN
Lengua de catalogación spa
050 #4 - SIGNATURA TOPOGRÁFICA DE LA BIBLIOTECA DEL CONGRESO
Número de clasificación F1225.5
Número de documento/Ítem G38 2002
100 1# - ASIENTO PRINCIPAL--NOMBRE PERSONAL
9 (RLIN) 37842
Nombre de persona Gallo Tirado, Miguel Angel
245 10 - MENCIÓN DE TÍTULO
Título México en el contexto mundial 1 :
Resto del título bachilleres : de las reformas borbónicas al porfiriato
260 ## - PUBLICACIÓN, DISTRIBUCIÓN, ETC.
Lugar de publicación, distribución, etc. México, D.F. :
Nombre del editor, distribuidor, etc. Quinto sol,
Fecha de publicación, distribución, etc. 2002
300 ## - DESCRIPCIÓN FÍSICA
Extensión 215 páginas
490 0# - MENCIÓN DE SERIE
Mención de serie Textos universitarios
500 ## - NOTA GENERAL
Nota general Donación
651 #4 - ASIENTO SECUNDARIO DE MATERIA - NOMBRE GEOGRAFICO
Nombre geográfico México
Subdivisión general Historia
-- Estudio y enseñanza (Media Superior)
9 (RLIN) 9912
651 #4 - ASIENTO SECUNDARIO DE MATERIA - NOMBRE GEOGRAFICO
9 (RLIN) 44476
Nombre geográfico México
Subdivisión general Historia
Subdivisión de forma Libros de texto
902 ## - ELEMENTOS DE DATOS B LOCAL, LDB (RLIN)
Creó MarisolLicea/201023
Modificó VíctorGodínez/150424
942 ## - ELEMENTOS DE PUNTO DE ACCESO ADICIONAL (KOHA)
Fuente del sistema de clasificación o colocación Library of Congress Classification
Tipo de ítem Koha Libro
Holdings
Estado de retiro Estado de pérdida Fuente del sistema de clasificación o colocación Estado dañado No para préstamo Código de colección Localización permanente Ubicación/localización actual Ubicación en estantería Fecha de adquisición Clasificación Código de barras Fecha visto por última vez Tipo de ítem Koha
    Library of Congress Classification   Disponible (Préstamo en sala) Libros de texto Bib. Gregorio Torres Quintero Bib. Gregorio Torres Quintero Colecciones especiales Planta alta 20/10/2023 F1225.5 G38 2002 337453 20/10/2023 Libro